000 00611nam a2200181 i 4500
001 21987
003 ES-MaACL
005 20230906152602.0
007 t|
008 021129s1955 sp ||||1| spa d
245 0 0 _aAlemania pudo vencer
_b: (balance de la Segunda Guerra Mundial) /
_cKurt Assmann... [et al.] ; [traducción directa del alemán por Víctor Scholz].
250 _a[1ª ed.].
260 _aBarcelona :
_bA.H.R.,
_c[1955] (
_fImp. Moderna)
300 _a548 p., 6 lám. ;
_c21 cm.
700 1 _aAssmann, Kurt.
_923660
700 1 _aScholz, Víctor.
_9104643
852 _aES-MaACL
_jC-9562
_bR.37562
999 _c21987
_d21987